00516 2200169 4500001002100000005001500021035002000036007000300056008003900059082000700098084001300105100002400118245011600142260004600258650002700304990001500331INLIS00000000000985820260409014832 a0010-0426000125ta260409 | | |  a11 a11 MEI e0 aMEILANA PERMATASARI1 aEFEKTIVITAS PELAYANAN ADMINISTRASI KEPENDUDUKAN DI KECAMATAN PAHANDUT KOTA PALANGKA RAYA /cMEILANA PERMATASARI aPALANGKA RAYA :bPERPUSTAKAAN UMPR,c2026 4aPELAYANAN ADMINISTRASI a2211025542